<?xml version="1.0" encoding="UTF-8"?>
<marc:record xmlns:marc="http://www.loc.gov/MARC21/slim">
   <marc:leader>00000nam a2200000 a 4500</marc:leader>
   <marc:datafield ind1="1" ind2=" " tag="100">
      <marc:subfield code="a">Bauer, Sepp</marc:subfield>
      <marc:subfield code="4">aut</marc:subfield>
      <marc:subfield code="e">Verfasser/-in</marc:subfield>
   </marc:datafield>
   <marc:datafield ind1=" " ind2=" " tag="653">
      <marc:subfield code="a">Nachkriegszeit</marc:subfield>
   </marc:datafield>
   <marc:datafield ind1=" " ind2=" " tag="653">
      <marc:subfield code="a">Niederösterreich</marc:subfield>
   </marc:datafield>
   <marc:datafield ind1=" " ind2=" " tag="653">
      <marc:subfield code="a">Schicksal</marc:subfield>
   </marc:datafield>
   <marc:datafield ind1="0" ind2="0" tag="245">
      <marc:subfield code="a">Sie erzählen, was sie erlebten</marc:subfield>
   </marc:datafield>
   <marc:datafield ind1="0" ind2="0" tag="245">
      <marc:subfield code="b">1945 - 1955</marc:subfield>
   </marc:datafield>
   <marc:datafield ind1="0" ind2="0" tag="245">
      <marc:subfield code="c">Sepp Bauer</marc:subfield>
   </marc:datafield>
   <marc:datafield ind1=" " ind2="1" tag="264">
      <marc:subfield code="a">St. Pölten ; Wien</marc:subfield>
      <marc:subfield code="b">Niederösterr. Pressehaus</marc:subfield>
      <marc:subfield code="c">1995</marc:subfield>
   </marc:datafield>
   <marc:datafield ind1="1" ind2=" " tag="520">
      <marc:subfield code="a">Frauen und Männer berichten vom Ende des Zweiten Weltkrieges in ihrer niederösterreichischen Heimat, an der Front, in Kriegsgefangenenlagern. Blindem Gehorsam, fragwürdiger Pflichterfüllung wurden noch Tausende in den letzten Kriegstagen geopfert; doch auch die "Befreiung" durch die Rote Armee brachte Frieden nicht sofort, sondern kostete weitere Opfer.</marc:subfield>
   </marc:datafield>
   <marc:datafield ind1=" " ind2=" " tag="500">
      <marc:subfield code="a">Eine Dokumentation hrsg. von der Katholischen Aktion der Diözese St. Pölten</marc:subfield>
   </marc:datafield>
   <marc:datafield ind1=" " ind2=" " tag="300">
      <marc:subfield code="a">287 S. Inh.Verz.Fot.Reg.</marc:subfield>
   </marc:datafield>
</marc:record>
